[Event "ONJK-A 2019"]
[Site "Borne"]
[Date "2019.08.08"]
[Round "6.10"]
[White "Segers, Job"]
[Black "Merkon, Oseb"]
[Result "0-1"]
[WhiteElo "1618"]
[BlackElo "2013"]
[Annotator "NA"]
[PlyCount "80"]
[EventDate "2019.08.05"]
[EventType "swiss"]
[EventCountry "NED"]
[SourceTitle "playchess.com"]
[Source "ChessBase"]
[SourceQuality "1"]
[TimeControl "5400+30"]

1. e4 {[%emt 0:00:00]} c5 {[%emt 0:00:00]} 2. Nc3 {[%emt 0:00:00]} Nc6 {[%emt 0:00:00]} 3. g3 {[%emt 0:00:00]} g6 {[%emt 0:00:00]} 4. Bg2 {[%emt 0:00:00]} e5 {[%emt 0:00:03]} 5. d3 {[%emt 0:00:11]} Bg7 {[%emt 0:00:08]} 6. Nge2 {[%emt 0:00:28]} Nge7 {[%emt 0:00:05]} 7. O-O {[%emt 0:00:08]} O-O {[%emt 0:00:02]} 8. Be3 {[%emt 0:00:56]} d6 {[%emt 0:00:09]} 9. f4 {[%emt 0:00:11]} f5 {[%emt 0:00:35]} 10. Qd2 {[%emt 0:02:28]} Be6 {[%emt 0:03:03]} 11. fxe5 {[%emt 0:20:10]} Nxe5 {[%emt 0:11:47]} 12. Nf4 {[%emt 0:02:36]} Bf7 {[%emt 0:07:06]} 13. Ncd5 {[%emt 0:08:14]} Nxd5 {[%emt 0:01:22]} 14. Nxd5 {[%emt 0:00:21]} Bxd5 {[%emt 0:00:08]} 15. exd5 {[%emt 0:00:04]} Ng4 {[%emt 0:00:11]} 16. Bg5 {[%emt 0:00:38]} Qb6 {[%emt 0:02:56]} 17. c3 {[%emt 0:01:17]} Ne5 {[%emt 0:06:37]} 18. Rab1 {[%emt 0:10:09]} Rae8 {[%emt 0:04:24]} 19. Kh1 {[%emt 0:08:06]} Qa6 {[%emt 0:07:40]} 20. Bf4 {[%emt 0:06:22]} Nf7 {[%emt 0:12:31]} 21. b4 {[%emt 0:06:01]} b6 {[%emt 0:04:00]} 22. Rf2 {[%emt 0:07:59]} Be5 {[%emt 0:01:58]} 23. Bxe5 {[%emt 0:05:57]} Nxe5 {[%emt 0:05:39]} 24. Bf1 {[%emt 0:01:54]} Qb7 {[%emt 0:01:19]} 25. Bg2 {[%emt 0:00:32]} Qf7 {[%emt 0:05:32]} 26. bxc5 {[%emt 0:01:37]} bxc5 {[%emt 0:00:27]} 27. h3 {[%emt 0:00:18]} Rb8 {[%emt 0:00:47]} 28. Rb3 {[%emt 0:01:05]} Rxb3 {[%emt 0:02:08]} 29. axb3 {[%emt 0:00:08]} Qb7 {[%emt 0:02:13]} 30. d4 {[%emt 0:00:24]} cxd4 {[%emt 0:00:34]} 31. cxd4 {[%emt 0:01:36]} Nf7 {[%emt 0:01:00]} 32. Qe3 {[%emt 0:00:08]} Rb8 {[%emt 0:01:42]} 33. Rc2 {[%emt 0:01:02]} Qxb3 {[%emt 0:01:56]} 34. Rc8+ {[%emt 0:01:48]} Kg7 {[%emt 0:00:25]} 35. Qe8 {[%emt 0:01:01]} Rxc8 {[%emt 0:00:17]} 36. Qxc8 {[%emt 0:00:05]} Qxg3 {[%emt 0:00:16]} 37. Qd7 {[%emt 0:00:24]} Qe1+ {[%emt 0:01:32]} 38. Kh2 {[%emt 0:00:13]} a5 {[%emt 0:00:17]} 39. Qa7 {[%emt 0:00:55]} Qb4 {[%emt 0:00:26]} 40. Bf3 {[%emt 0:00:47]} a4 {[%emt 0:00:21]} 0-1

[Event "ONJK-A 2019"]
[Site "Borne"]
[Date "2019.08.08"]
[Round "6.11"]
[White "Nies, Levi"]
[Black "Klaren, Duncan"]
[Result "0-1"]
[WhiteElo "1516"]
[BlackElo "1896"]
[Annotator "NA"]
[PlyCount "50"]
[EventDate "2019.08.05"]
[EventType "swiss"]
[EventCountry "NED"]
[SourceTitle "playchess.com"]
[Source "ChessBase"]
[SourceQuality "1"]
[TimeControl "5400+30"]

1. e4 {[%emt 0:21:32]} c5 {[%emt 0:00:00]} 2. Nc3 {[%emt 0:00:12]} Nc6 {[%emt 0:00:00]} 3. f4 {[%emt 0:00:05]} g6 {[%emt 0:00:00]} 4. Bc4 {[%emt 0:00:07]} Bg7 {[%emt 0:00:05]} 5. Nf3 {[%emt 0:00:05]} e6 {[%emt 0:00:05]} 6. d3 {[%emt 0:00:05]} Nge7 {[%emt 0:00:07]} 7. O-O {[%emt 0:00:06]} O-O {[%emt 0:00:10]} 8. Qe1 {[%emt 0:00:10]} d5 {[%emt 0:00:57]} 9. Bb3 {[%emt 0:00:11]} Nd4 {[%emt 0:00:14]} 10. Qh4 {[%emt 0:01:04]} Nxf3+ {[%emt 0:03:03]} 11. Rxf3 {[%emt 0:00:38]} Nc6 {[%emt 0:01:33]} 12. Qxd8 {[%emt 0:01:48]} Rxd8 {[%emt 0:00:05]} 13. exd5 {[%emt 0:00:30]} exd5 {[%emt 0:00:07]} 14. Nxd5 {[%emt 0:01:13]} Nd4 {[%emt 0:00:14]} 15. Ne7+ {[%emt 0:01:34]} Kf8 {[%emt 0:00:14]} 16. Nxc8 {[%emt 0:03:53]} Nxf3+ {[%emt 0:00:06]} 17. gxf3 {[%emt 0:00:03]} Raxc8 {[%emt 0:00:07]} 18. Bc4 {[%emt 0:00:27]} Re8 {[%emt 0:00:47]} 19. Kf1 {[%emt 0:00:33]} Re7 {[%emt 0:00:53]} 20. c3 {[%emt 0:02:01]} Rce8 {[%emt 0:00:10]} 21. Bd2 {[%emt 0:00:44]} Re2 {[%emt 0:00:09]} 22. Be1 {[%emt 0:05:48]} Rxb2 {[%emt 0:00:20]} 23. Bf2 {[%emt 0:01:50]} b6 {[%emt 0:01:01]} 24. d4 {[%emt 0:00:03]} cxd4 {[%emt 0:00:11]} 25. cxd4 {[%emt 0:00:48]} Rxf2+ {[%emt 0:00:08]} 0-1

[Event "ONJK-A 2019"]
[Site "Borne"]
[Date "2019.08.08"]
[Round "6.12"]
[White "Vermet, Thomas"]
[Black "Vitharana, Annelies"]
[Result "0-1"]
[WhiteElo "1477"]
[BlackElo "1768"]
[Annotator "NA"]
[PlyCount "62"]
[EventDate "2019.08.05"]
[EventType "swiss"]
[EventCountry "NED"]
[SourceTitle "playchess.com"]
[Source "ChessBase"]
[SourceQuality "1"]
[TimeControl "5400+30"]

1. e4 {[%emt 0:03:43]} c6 {[%emt 0:00:00]} 2. d4 {[%emt 0:00:03]} d5 {[%emt 0:00:00]} 3. Nc3 {[%emt 0:00:06]} dxe4 {[%emt 0:00:00]} 4. Nxe4 {[%emt 0:00:09]} Bf5 {[%emt 0:00:05]} 5. Ng3 {[%emt 0:00:13]} Bg6 {[%emt 0:00:08]} 6. Nh3 {[%emt 0:00:45]} Nf6 {[%emt 0:01:05]} 7. Bc4 {[%emt 0:01:14]} e6 {[%emt 0:01:22]} 8. O-O {[%emt 0:00:18]} Be7 {[%emt 0:00:43]} 9. f4 {[%emt 0:02:16]} Ne4 {[%emt 0:06:11]} 10. c3 {[%emt 0:10:40]} Nxg3 {[%emt 0:02:36]} 11. hxg3 {[%emt 0:00:06]} O-O {[%emt 0:01:26]} 12. g4 {[%emt 0:06:40]} Be4 {[%emt 0:02:22]} 13. Qe2 {[%emt 0:08:41]} Bd5 {[%emt 0:02:42]} 14. Bxd5 {[%emt 0:11:11]} exd5 {[%emt 0:04:50]} 15. Kh1 {[%emt 0:04:47]} Nd7 {[%emt 0:02:15]} 16. Qf3 {[%emt 0:09:29]} Rc8 {[%emt 0:04:52]} 17. Be3 {[%emt 0:00:55]} Re8 {[%emt 0:06:30]} 18. Rae1 {[%emt 0:09:38]} Qa5 {[%emt 0:01:55]} 19. a3 {[%emt 0:02:40]} Nb6 {[%emt 0:04:45]} 20. Nf2 {[%emt 0:05:21]} Nc4 {[%emt 0:04:09]} 21. Bc1 {[%emt 0:06:51]} Qb6 {[%emt 0:04:09]} 22. Nd3 {[%emt 0:06:52]} Nd6 {[%emt 0:04:28]} 23. Re2 {[%emt 0:02:57]} Ne4 {[%emt 0:01:23]} 24. Nf2 {[%emt 0:00:38]} Nd6 {[%emt 0:08:07]} 25. Nd3 {[%emt 0:00:00]} Qc7 26. Rfe1 {[%emt 0:03:20]} Bf8 {[%emt 0:01:33]} 27. Rxe8 {[%emt 0:00:17]} Rxe8 {[%emt 0:03:00]} 28. Rxe8 Nxe8 {[%emt 0:01:42]} 29. Qe2 {[%emt 0:00:00]} Nf6 30. g5 {[%emt 0:00:00]} Ne4 31. Nf2 {[%emt 0:00:36]} Ng3+ {[%emt 0:00:20]} 0-1

[Event "ONJK-A 2019"]
[Site "Borne"]
[Date "2019.08.09"]
[Round "7.1"]
[White "Maerevoet, Sim"]
[Black "Shakhverdian, William"]
[Result "1-0"]
[WhiteElo "2321"]
[BlackElo "2001"]
[Annotator "TA"]
[PlyCount "71"]
[EventDate "2019.08.05"]
[EventType "swiss"]
[EventCountry "NED"]
[SourceTitle "playchess.com"]
[Source "ChessBase"]
[SourceQuality "1"]

{[%evp 12,71,41,14,15,13,35,19,23,17,38,36,63,63,62,48,55,43,37,52,36,52,123,121,126,128,210,185,163,110,120,109,103,108,152,147,140,69,76,72,85,94,227,201,185,102,87,100,172,148,156,158,181,185,281,220,578,589,865,655,1008,958]} 1. d4 Nf6 2. c4 e6 3. Nf3 d5 4. Nc3 Nbd7 5. Bf4 c6 6. e3 Be7 7. c5 b6 {D37: Queen's Gambit Declined: 5 Bf4} (7... O-O 8. Bd3 Nh5 9. Qc2 Nxf4 10. exf4 h6 11. O-O Qc7 12. g3 b6 13. b4 a5 14. a3 Ba6 15. Rfe1 Rfe8 16. Ne5 Bxd3 17. Qxd3 {½-½ (32) Mchedlishvili,M (2604)-Warakomski,T (2502) Polanica Zdroj 2008}) 8. b4 Bb7 9. Bd3 a5 {The position is equal.} 10. a3 axb4 11. axb4 Rxa1 $146 ({Predecessor:} 11... O-O 12. O-O h6 {1-0 (39) Oprea,E (2188)-Veselsky,J (2081) Slovakia 2016}) 12. Qxa1 Nh5 13. Qa7 $36 {[%mdl 2048] White is more active.} Nxf4 14. exf4 Qa8 15. Qxa8+ Bxa8 16. Kd2 {aiming for Ra1.} O-O (16... Bb7 $14) 17. Ra1 $1 $16 bxc5 18. bxc5 Rb8 (18... Re8 $16 19. Ra7 Nxc5) 19. Ra7 $18 Bb7 {[#]} 20. Na4 (20. Ba6 $1 $18 {[%cal Ra6b7]} Bxa6 21. Rxa6) 20... Bd8 21. Ba6 Bxa6 22. Rxa6 Rc8 23. Ne1 g5 24. Nd3 ({White should try} 24. Ra7 $16 Nf8 25. fxg5) 24... gxf4 $14 25. Nb4 f3 26. gxf3 e5 (26... Bf6 $16 {is a better defense.}) 27. Nxc6 Bg5+ 28. f4 (28. Kd3 $18) 28... Bxf4+ $16 {[%mdl 64] Double Attack} 29. Kd3 {Strongly threatening Ne7+.} Re8 (29... Kf8 $16) 30. Nb4 exd4 31. Nxd5 Bxh2 {[#]} 32. f4 $1 {Hoping for c6.} Kf8 (32... Nb8 $142 33. Rh6 Rd8) 33. Rh6 ({Weaker is} 33. Kxd4 Bg1+ 34. Kc4 Rc8 $11) 33... Bg3 $2 (33... Ra8 {is a better chance.}) 34. c6 $18 {[%cal Bc5c6,Bc6c7][%mdl 32] White is clearly winning.} Nb8 35. c7 Nd7 36. Rxh7 {Accuracy: White = 74%, Black = 33%.} 1-0

[Event "ONJK-A 2019"]
[Site "Borne"]
[Date "2019.08.09"]
[Round "7.2"]
[White "De Bock, Thijs"]
[Black "Noordenbos, Daan"]
[Result "1-0"]
[WhiteElo "1870"]
[BlackElo "2042"]
[Annotator "NA RC"]
[PlyCount "49"]
[EventDate "2019.08.05"]
[EventType "swiss"]
[EventCountry "NED"]
[SourceTitle "playchess.com"]
[Source "ChessBase"]
[SourceQuality "1"]
[TimeControl "5400+30"]

1. e4 {[%emt 0:00:00]} e6 {[%emt 0:00:00]} 2. d4 {[%emt 0:00:00]} d5 {[%emt 0:00:00]} 3. Nd2 {[%emt 0:00:00]} Nf6 {[%emt 0:00:00]} 4. e5 {[%emt 0:00:00]} Nfd7 {[%emt 0:00:00]} 5. c3 {[%emt 0:00:00]} c5 {[%emt 0:00:04]} 6. Bd3 {[%emt 0:00:00]} Nc6 {[%emt 0:00:06]} 7. Ngf3 {[%emt 0:00:00]} Qb6 {[%emt 0:06:25]} 8. O-O {[%emt 0:00:01]} Be7 {[%emt 0:08:19]} 9. Re1 {[%emt 0:05:14]} O-O {[%emt 0:06:09]} 10. Nf1 {[%emt 0:00:30]} cxd4 {[%emt 0:06:49]} 11. cxd4 {[%emt 0:00:33]} f6 {[%emt 0:00:30]} 12. Ng5 $19 {[%emt 0:19:11]} (12. exf6 $11 {and White stays safe.} Nxf6 13. a3) 12... fxg5 {[%emt 0:07:15]} 13. Qh5 {[%emt 0:00:09]} h6 {[%emt 0:03:46]} 14. Qg6 {[%emt 0:00:20]} Ndxe5 {[%emt 0:00:31]} 15. dxe5 {[%emt 0:04:19]} Qxf2+ {[%emt 0:10:55]} 16. Kh1 {[%emt 0:00:09]} Rf5 {[%emt 0:02:50]} 17. Be3 {[%emt 0:03:04]} Qxb2 {[%emt 0:02:37]} 18. Bxf5 {[%emt 0:05:36]} exf5 {[%emt 0:00:26]} 19. Ng3 {[%emt 0:02:23]} Bf8 {[%emt 0:12:28]} 20. Nh5 {[%emt 0:00:43]} Kh8 {[%emt 0:00:10]} 21. Bc5 {[%emt 0:01:16]} Nxe5 {[%emt 0:01:04]} 22. Qe8 {[%emt 0:00:20]} Nd7 {[%emt 0:00:54]} 23. Bxf8 {[%emt 0:00:15]} Nxf8 {[%emt 0:00:04]} 24. Qxf8+ {[%emt 0:00:56]} Kh7 {[%emt 0:00:01]} 25. Rab1 {[%emt 0:00:10]} 1-0

[Event "ONJK-A 2019"]
[Site "Borne"]
[Date "2019.08.09"]
[Round "7.3"]
[White "Boudry, William"]
[Black "Hilwerda, Jonas"]
[Result "1/2-1/2"]
[WhiteElo "2033"]
[BlackElo "2275"]
[Annotator "TA"]
[PlyCount "65"]
[EventDate "2019.08.05"]
[EventType "swiss"]
[EventCountry "NED"]
[SourceTitle "playchess.com"]
[Source "ChessBase"]
[SourceQuality "1"]

{[%evp 25,65,52,50,55,47,39,72,73,79,53,81,81,105,110,156,53,47,46,49,47,79,89,174,176,149,132,127,138,145,156,176,185,185,127,129,128,143,127,139,141,133,111]} 1. d4 Nf6 2. Nf3 g6 3. c4 Bg7 4. Nc3 O-O 5. e4 d6 6. Be2 e5 7. dxe5 dxe5 8. Qxd8 Rxd8 9. Bg5 Re8 10. Nd5 Nxd5 11. cxd5 c6 12. Bc4 Nd7 13. dxc6 bxc6 14. Be3 {E92: King's Indian: Classical: 6 Be2 e5: 7 dxe5, 7 Be3 and Petrosian System without 7...Nbd7} (14. O-O Nb6 15. Bb3 a5 16. Be3 a4 17. Bxf7+ Kxf7 18. Bxb6 Rb8 19. Ba5 Rxb2 20. Rfb1 Rb5 21. Bc3 Bf6 {½-½ (38) Mikheev,S (2325)-Sredojevic,I (2422) Novi Sad 2016}) 14... Nb6 15. Bb3 Be6 16. Bxe6 {White is better.} Rxe6 17. b3 $146 ({Predecessor:} 17. Rc1 f6 18. Ke2 Rd8 19. Rhd1 Red6 20. Rxd6 Rxd6 21. Nd2 Bf8 {1-0 (51) Schramm,T (2224)-Ledfuss,G (2082) Germany 2015}) 17... f5 18. Ke2 Rd8 19. Rhd1 Red6 20. Bc5 (20. Rxd6 $16 Rxd6 21. Rc1) 20... Rxd1 $14 21. Rxd1 Rxd1 22. Kxd1 fxe4 {[%mdl 4096] Endgame KBN-KBN} 23. Ng5 Nd5 (23... Bf6 $16 {is a better defense.} 24. Nxe4 Kf7) 24. Bxa7 $18 ({Much less strong is} 24. Nxe4 $6 a6 $14) 24... Nc3+ 25. Kd2 Nxa2 {[#]} 26. Bc5 $1 e3+ 27. fxe3 Bf8 28. Bxf8 Kxf8 29. Nf3 (29. Nxh7+ $18 Kg7 30. Ng5) 29... Ke7 $16 30. Nxe5 Kd6 31. Nf3 Kd5 32. Ng5 h6 33. Nh3 {Accuracy: White = 73%, Black = 42%.} 1/2-1/2

[Event "ONJK-A 2019"]
[Site "Borne"]
[Date "2019.08.09"]
[Round "7.4"]
[White "Baselmans, Luuk"]
[Black "Albers, Sasa"]
[Result "1-0"]
[WhiteElo "2212"]
[BlackElo "1889"]
[Annotator "TA"]
[PlyCount "109"]
[EventDate "2019.08.05"]
[EventType "swiss"]
[EventCountry "NED"]
[SourceTitle "playchess.com"]
[Source "ChessBase"]
[SourceQuality "1"]

{[%evp 17,109,21,42,-26,-16,-6,45,46,43,40,39,44,50,24,41,46,68,66,71,73,87,77,73,72,62,66,76,78,108,98,150,102,102,102,135,102,94,70,97,97,116,92,113,112,112,119,127,127,127,127,129,127,144,127,179,127,127,0,167,158,162,145,146,129,126,84,110,19,3,0,306,325,305,247,302,0,181,181,169,152,292,284,706,454,435,435,467,438,674,607,535,387,647,484]} 1. e4 c6 2. d4 d5 3. exd5 cxd5 4. Bd3 Nc6 5. c3 g6 6. Nf3 Nf6 7. Bf4 Bg7 8. O-O O-O 9. Re1 Nh5 10. Bg3 {B13: Caro-Kann: Exchange Variation and Panov-Botvinnik Attack} (10. Be3 $14) (10. Be3 Qc7 11. h3 {½-½ (11) Hansen,S (2566)-Ragger,M (2662) Porto Carras 2011}) 10... Nxg3 11. hxg3 Bf5 $146 (11... Re8 $11) ({Predecessor:} 11... Qd6) 12. Bxf5 $14 {White is slightly better.} gxf5 13. Nbd2 {[%cal Bb1d2,Bd2b3,Bb3c1,Bc1d3][%mdl 32]} e6 14. Nb3 b6 15. Nc1 Rc8 16. Nd3 Ne7 17. Ng5 h6 18. Nh3 Ng6 19. Qh5 a5 20. Nhf4 Nxf4 21. gxf4 Kh7 22. Re3 Qc7 23. Rh3 Rh8 ({Black should play} 23... Qd8) 24. Ne5 Kg8 25. Re1 {[%cal Ba1e1,Be1e3,Be3g3,Bg3g5][%mdl 32]} Bxe5 26. fxe5 Kf8 27. Qh4 Qd8 28. Qf4 h5 29. Ree3 Ke8 30. Reg3 Kd7 31. Rg5 Qe7 32. Rgxh5 Rxh5 33. Rxh5 $16 {[%mdl 4096] Endgame KQR-KQR} Rg8 34. Rh7 Qf8 {intending ...Rxg2+.} 35. Qh4 Rg6 (35... b5 $16 {was worth a try.} 36. Qh5 Ke7) 36. Rh8 ({Better is} 36. g3 $18) 36... Rg8 37. Rh7 Rg6 $1 38. Kf1 b5 39. Qh5 {[#] Strongly threatening Qxg6.} Kc6 40. Rh8 Rg8 41. Rh6 b4 42. Rh7 (42. g3 $16) 42... bxc3 $11 43. bxc3 {[#] g3 is the strong threat.} (43. Qe2 {looks sharper.} cxb2 44. Qc2+ Kd7 45. Qxb2 Qb4 46. Rxf7+ Kc6 47. Qxb4 axb4 48. Re7) 43... Rg6 $2 {[%mdl 8192]} (43... Qa3 $1 $11 {and Black is okay.} 44. g3 (44. Qxf7 Qc1+ 45. Ke2 Qc2+ {[%mdl 64] Double Attack} 46. Ke1 Qxc3+ 47. Kf1 Qc1+ 48. Ke2 Qc2+ {[%mdl 64] Double Attack} 49. Ke1 Qe4+ 50. Kd2 Qxd4+ {[%mdl 64] Double Attack} 51. Kc1 Qa1+ 52. Kd2 Qd4+ 53. Kc1 Qc4+ 54. Kd2 Qd4+ $11) 44... Qf8) 44. Qe2 $18 {Threatens to win with Qa6+.} Kb6 45. Qb2+ Ka6 46. Qe2+ (46. a4 $142 {Black must now prevent Qb5+.} Qe8 47. Qb3) 46... Kb6 $1 47. a4 $36 {[%mdl 2048] White has strong initiative.} Qe8 48. Qb2+ Ka6 (48... Ka7 $16 49. Qa3 Rxg2 50. Qc5+ (50. Kxg2 Qg8+ 51. Kf1 Qxh7 $16) 50... Kb7 51. Rxf7+ (51. Kxg2 Qg8+ 52. Kf3 Qxh7 $16) (51. Qxa5 Rg1+ {[%mdl 64] Decoy} 52. Kxg1 Qg8+ 53. Kf1 Qxh7 $16) 51... Qxf7) 49. Qa3 {And now Qd6+ would win.} Qc6 $2 (49... Kb7 50. Qd6 Rg8) 50. Rxf7 {Hoping for Qf8.} Rg8 51. Re7 Rd8 52. Qb3 f4 (52... Rc8 $142 53. Ke2 Rc7) 53. f3 Rc8 54. Kf2 Rd8 $2 (54... Rc7 55. Qa3 Rxe7 56. Qxe7 Qc8) 55. Rf7 {Accuracy: White = 57%, Black = 34%.} 1-0

[Event "ONJK-A 2019"]
[Site "Borne"]
[Date "2019.08.09"]
[Round "7.5"]
[White "Ypma, Jord"]
[Black "Baselmans, Sam"]
[Result "0-1"]
[WhiteElo "1968"]
[BlackElo "2064"]
[Annotator "NA RC"]
[PlyCount "116"]
[EventDate "2019.08.05"]
[EventType "swiss"]
[EventCountry "NED"]
[SourceTitle "playchess.com"]
[Source "ChessBase"]
[SourceQuality "1"]
[TimeControl "5400+30"]

1. d4 {[%emt 0:00:00]} Nf6 {[%emt 0:00:00]} 2. Bf4 {[%emt 0:00:00]} g6 {[%emt 0:00:00]} 3. Nc3 {[%emt 0:00:00]} d5 {[%emt 0:00:00]} 4. e3 {[%emt 0:00:08]} Bg7 {[%emt 0:00:00]} 5. h4 {[%emt 0:00:04]} O-O {[%emt 0:00:19]} 6. h5 {[%emt 0:00:28]} c5 {[%emt 0:00:06]} 7. hxg6 {[%emt 0:01:26]} hxg6 {[%emt 0:00:07]} 8. Nf3 {[%emt 0:01:30]} Bg4 {[%emt 0:03:18]} 9. Qd2 {[%emt 0:04:01]} Nc6 {[%emt 0:06:05]} 10. Ne5 {[%emt 0:09:16]} Nxe5 {[%emt 0:12:13]} 11. Bxe5 {[%emt 0:02:09]} Ne4 $1 {[%emt 0:06:40]} 12. Nxe4 {[%emt 0:00:51]} dxe4 {[%emt 0:00:04]} 13. Bxg7 {[%emt 0:05:01]} Kxg7 $11 {[%emt 0:00:11]} 14. Be2 {[%emt 0:13:49]} Bxe2 {[%emt 0:02:13]} 15. Qxe2 {[%emt 0:11:12]} Qa5+ {[%emt 0:07:49]} 16. c3 {[%emt 0:00:32]} Rh8 {[%emt 0:00:06]} 17. Rg1 {[%emt 0:04:01]} Rad8 {[%emt 0:01:01]} 18. Qc4 {[%emt 0:05:51]} cxd4 {[%emt 0:05:18]} 19. exd4 {[%emt 0:01:23]} b5 {[%emt 0:17:14]} 20. Qc5 Kf8 {[%emt 0:08:54]} 21. a3 {[%emt 0:00:03]} Rh5 22. Qb4 {[%emt 0:00:07]} Qc7 {[%emt 0:01:42]} 23. O-O-O {[%emt 0:00:09]} Rf5 {[%emt 0:06:16]} 24. Rgf1 {[%emt 0:29:10]} Kg7 {[%emt 0:00:26]} 25. Kb1 {[%emt 0:01:27]} a5 {[%emt 0:01:02]} 26. Qb3 {[%emt 0:00:07]} Rb8 {[%emt 0:00:25]} 27. f3 {[%emt 0:03:13]} exf3 {[%emt 0:00:36]} 28. Rxf3 {[%emt 0:00:04]} Rxf3 {[%emt 0:00:20]} 29. gxf3 {[%emt 0:00:31]} Qf4 30. Qd5 {[%emt 0:06:03]} e6 {[%emt 0:07:48]} 31. Qe5+ {[%emt 0:00:00]} Qxe5 {[%emt 0:00:06]} 32. dxe5 {[%emt 0:00:00]} Rc8 {[%emt 0:00:01]} 33. Kc2 {[%emt 0:00:00]} g5 {[%emt 0:01:14]} 34. Rd7 {[%emt 0:00:00]} Rc5 {[%emt 0:00:27]} 35. Kd3 {[%emt 0:00:12]} Rxe5 {[%emt 0:00:36]} 36. b4 {[%emt 0:00:14]} axb4 {[%emt 0:00:13]} 37. axb4 {[%emt 0:00:04]} Rf5 {[%emt 0:02:12]} 38. Ke3 {[%emt 0:00:34]} Kf6 {[%emt 0:00:50]} 39. Rc7 {[%emt 0:01:39]} Rd5 {[%emt 0:00:43]} 40. Rb7 {[%emt 0:01:17]} Kg6 {[%emt 0:00:39]} 41. Rb8 {[%emt 0:00:33]} Kf5 {[%emt 0:00:55]} 42. Rb7 {[%emt 0:00:46]} f6 {[%emt 0:00:14]} 43. Rb6 {[%emt 0:00:06]} Ke5 {[%emt 0:00:25]} 44. Rb8 {[%emt 0:00:57]} f5 {[%emt 0:03:02]} 45. Rg8 {[%emt 0:00:04]} f4+ {[%emt 0:01:31]} 46. Ke2 {[%emt 0:00:03]} Kf6 {[%emt 0:02:16]} 47. Rf8+ {[%emt 0:00:09]} Ke7 {[%emt 0:01:13]} 48. Rg8 {[%emt 0:00:34]} Kd7 {[%emt 0:00:19]} 49. Rg7+ {[%emt 0:00:17]} Kc6 {[%emt 0:00:08]} 50. Rg8 {[%emt 0:00:12]} Re5+ {[%emt 0:01:09]} 51. Kf2 {[%emt 0:01:43]} Re3 {[%emt 0:00:24]} 52. Rxg5 {[%emt 0:00:28]} Rxc3 {[%emt 0:01:15]} 53. Re5 {[%emt 0:00:03]} Rc2+ {[%emt 0:01:01]} 54. Ke1 {[%emt 0:00:09]} Rc4 {[%emt 0:00:04]} 55. Rxe6+ {[%emt 0:00:37]} Kd5 {[%emt 0:00:06]} 56. Re8 {[%emt 0:00:28]} Rxb4 {[%emt 0:00:06]} 57. Rd8+ {[%emt 0:00:03]} Kc4 {[%emt 0:00:23]} 58. Rf8 {[%emt 0:00:39]} Kd3 {[%emt 0:00:53]} 0-1

[Event "ONJK-A 2019"]
[Site "Borne"]
[Date "2019.08.09"]
[Round "7.6"]
[White "Godde, Matthias"]
[Black "Van Malder, Dries"]
[Result "0-1"]
[WhiteElo "1989"]
[BlackElo "2178"]
[Annotator "TA"]
[PlyCount "60"]
[EventDate "2019.08.05"]
[EventType "swiss"]
[EventCountry "NED"]
[SourceTitle "playchess.com"]
[Source "ChessBase"]
[SourceQuality "1"]

{[%evp 9,60,20,22,17,27,10,23,0,0,-14,0,0,6,-59,-61,-75,-77,-79,-78,-71,-63,-105,-65,-70,-60,-69,-32,-27,-27,-12,-7,-16,-2,0,39,-151,-145,-169,-164,-247,-222,-308,-314,-618,-614,-612,-621,-592,-569,-1093,-1048,-29994,-29995]} 1. Nf3 Nf6 2. g3 b5 3. Bg2 Bb7 4. O-O e6 5. Re1 (5. d3 Be7 6. e4 d6 7. Nfd2 e5 8. a4 a6 9. Nc3 c6 10. f4 Nbd7 11. Nf3 O-O 12. h3 Qc7 13. g4 Ne8 14. Ne2 exf4 15. Bxf4 {0-1 (45) Grischuk,A (2771)-Maghsoodloo,P (2688) St Petersburg 2018}) 5... c5 6. d3 {A05: Réti Opening: 1 Nf3 Nf6} d5 7. a4 $146 ({Predecessor:} 7. c4 a6 8. cxd5 Nxd5 9. a4 Nd7 10. e4 N5f6 11. Qb3 c4 12. Qd1 {½-½ (51) Castro Rojas,O (2370)-Rios,C (2384) Puerto Boyaca 2012}) 7... a6 8. Nbd2 {White has an edge.} Be7 9. e4 O-O 10. Qe2 Nc6 11. e5 (11. exd5 $11 Nxd5 12. Nb3) 11... Nd7 $1 $15 12. c3 Nb6 13. axb5 axb5 {[%cal Ba6b5,Bb5b4][%mdl 32]} 14. Rxa8 Qxa8 15. h4 b4 16. c4 dxc4 17. dxc4 Nd4 18. Nxd4 {[#] Bxb7 is the strong threat.} Bxg2 19. f3 cxd4 20. Kxg2 Qa2 21. Qd3 Na4 22. Kh3 $2 {[#]} (22. Qxd4 $14 Nc5 23. Ne4 Nxe4 24. Rxe4 (24. Qxe4 Rd8 $14)) 22... Nc5 $1 $36 {[%cal Rc5d3][%mdl 2048] Keeping White busy.} ({But not} 22... Nxb2 $2 23. Qc2 $18) 23. Qf1 Rd8 24. g4 (24. Qe2 {was called for.}) 24... d3 25. Re3 Nb3 26. Rxd3 $2 (26. c5) 26... Rxd3 $19 27. Qxd3 Nxc1 28. Qd7 Bf8 {Hoping for ...Ne2.} 29. c5 Ne2 {( -> ...Qa1)} 30. c6 Qa1 0-1